[Event "POL-chT3 Podkarpackie"]
[Site "Pstragowa"]
[Date "2014.05.03"]
[Round "7.27"]
[White "Krynicki, Henryk"]
[Black "Uryasz, Tomasz"]
[Result "0-1"]
[WhiteElo "1712"]
[BlackElo "1554"]
[PlyCount "90"]
[EventDate "2014.04.30"]
[EventType "team-tourn"]
[EventRounds "9"]
[EventCountry "POL"]
[SourceTitle "EXT 2015"]
[Source "ChessBase"]
[SourceDate "2014.11.20"]
[SourceVersion "1"]
[SourceVersionDate "2014.11.20"]
[SourceQuality "1"]
[WhiteTeam "Ustrzyki Dolne"]
[BlackTeam "Pilzno GKSz Hetman II"]
[WhiteTeamCountry "POL"]
[BlackTeamCountry "POL"]

1. e4 e5 2. Bc4 Nf6 3. Qe2 Nc6 4. c3 Bc5 5. b4 Bb6 6. a4 a5 7. b5 Ne7 8. Nf3 Ng6 9. d4 d6 10. dxe5 dxe5 11. 0-0 0-0 12. Ba3 Re8 13. Rd1 Nd7 14. Qa2 Qf6 15. Ng5 Nh8 16. Nf3 Nc5 17. Qc2 Bg4 18. Rd5 Nd7 19. Be2 Ng6 20. c4 Nf4 21. c5 Ba7 22. Nc3 Nxd5 23. Nxd5 Qd8 24. Rd1 c6 25. Ne3 Bxf3 26. Bxf3 cxb5 27. Bg4 b4 28. Bxd7 bxa3 29. Nd5 Rf8 30. Bb5 Qg5 31. Qc3 Rac8 32. c6 bxc6 33. Bxc6 Kh8 34. Qxa3 Rfd8 35. Bb5 Rc2 36. Rf1 h6 37. Qf3 Qg6 38. Bd3 Ra2 39. Bb5 Qe6 40. Qb3 Rd2 41. Bc4 Qg4 42. Ne7 Rxf2 43. Rxf2 Rd1+ 44. Bf1 Qe2 45. Qxf7 Rxf1# 0-1

[Event "POL-chT3 Podkarpackie"]
[Site "Pstragowa"]
[Date "2014.05.01"]
[Round "2.21"]
[White "Uryasz, Tomasz"]
[Black "Gawiec, Konrad"]
[Result "0-1"]
[WhiteElo "1554"]
[BlackElo "1931"]
[PlyCount "70"]
[EventDate "2014.04.30"]
[EventType "team-tourn"]
[EventRounds "9"]
[EventCountry "POL"]
[SourceTitle "EXT 2015"]
[Source "ChessBase"]
[SourceDate "2014.11.20"]
[SourceVersion "1"]
[SourceVersionDate "2014.11.20"]
[SourceQuality "1"]
[WhiteTeam "Pilzno GKSz Hetman II"]
[BlackTeam "Czarna II"]
[WhiteTeamCountry "POL"]
[BlackTeamCountry "POL"]

1. e4 c5 2. Nf3 Nc6 3. Nc3 g6 4. d4 cxd4 5. Nxd4 Bg7 6. Be3 Nf6 7. Be2 0-0 8. 0-0 d6 9. Nxc6 bxc6 10. f4 d5 11. exd5 cxd5 12. Bf3 e6 13. Rb1 Ba6 14. Re1 Qc7 15. Qd2 Rfc8 16. Bd4 Qc4 17. Be5 Ne8 18. Bxg7 Nxg7 19. Rec1 Nf5 20. g3 Rab8 21. a3 h5 22. Ne2 Qc5+ 23. Kh1 Qf2 24. Rf1 Qe3 25. Qd1 Bxe2 26. Bxe2 Qe4+ 27. Bf3 Qxc2 28. Qxc2 Rxc2 29. b4 Rc3 30. Ra1 Ne3 31. Rfc1 Nc2 32. Ra2 Rxa3 33. Rcxc2 Rxf3 34. Rxa7 Rxb4 35. Rcc7 Rf2 0-1